LDR 00846naa#a2200181#i#450# 001 RU\\bibl\116327 005 20260513224645.3 011 ## _a3034-6703 100 ## _a20260331b2026####ek#y0rusy0150####ca 102 ## _aRU 200 1# _aСинтез монтажного подхода и эволюционной оптимизации при решении обратной задачи гравиметрии _eЖурнальная статья 210 1# _aМосква _cАссоциация геологов, геофизиков и инженеров _d2026 215 ## _a10 с. 608 ## _aЖурнальная статья _2local 675 ## _aГеофизика. 550.3 _aОбщие вопросы. 550.31 _z 700 #1 _aДолгаль _gАлександр Сергеевич 700 #1 _aРыжов _gНикита Валерьевич 856 4# _aagge-vestnik.ru _u